000 00617nam a22001937a 4500
005 20240805150258.0
010 _aENG-141193
020 _c595.00
_a9788196329662
035 _aEN-124725
037 _bDBAD
082 _a220.20
_21
100 _aKapoor, Mansi
_969483
245 0 0 _a#Whatever:
_cBy Mansi Kapoor
_bThe Alternative Narratives/
250 _a1
260 _aMumbai
_bKabdwal Book International
270 _aPlot No. 179, D/42, Raigad CHS, Sector 1, Charkop, Kandivali(W)
_bMumbai
_e400067
_morder@kabdwalbook.com
300 _a194p.
_c22cm(pbk)
942 _2ddc
_cEN
_mKAP
_h220.20
_e1
999 _c204838
_d204838